[Event "Sao Paulo Itau Cup 7th"]
[Site "Sao Paulo"]
[Date "2003.09.28"]
[Round "2"]
[White "Da Silva Filho, Adolfo Ferreira"]
[Black "Trois, Francisco R Torres"]
[Result "1/2-1/2"]
[WhiteElo "2101"]
[BlackElo "2364"]
[PlyCount "99"]
[EventDate "2003.10.??"]
[EventType "swiss"]
[EventRounds "9"]
[EventCountry "BRA"]
[SourceTitle "CBM 096 Extra"]
[Source "ChessBase"]
[SourceDate "2003.10.22"]
[SourceVersion "2"]
[SourceVersionDate "2003.10.20"]
[SourceQuality "1"]

1. e4 c5 2. Nf3 a6 3. c4 Nc6 4. d4 cxd4 5. Nxd4 Nf6 6. Nc3 e5 7. Nc2 Bc5 8. Be2 Nd4 9. 0-0 d6 10. Kh1 Nxc2 11. Qxc2 0-0 12. Bg5 h6 13. Bxf6 Qxf6 14. Nd5 Qd8 15. f4 exf4 16. Rad1 a5 17. Rxf4 Be6 18. Qd3 Qg5 19. Rdf1 Bxd5 20. cxd5 Rae8 21. Bg4 g6 22. Qf3 Qe7 23. Qh3 Kg7 24. Bd7 Rd8 25. Bb5 Bd4 26. b3 Be5 27. R4f2 h5 28. Rc2 Bd4 29. Bd3 Qd7 30. Qxd7 Rxd7 31. g3 h4 32. g4 Re7 33. Kg2 Kh6 34. h3 Kg5 35. Rf3 f6 36. a4 Rff7 37. Rc4 Bb6 38. Kf1 Re5 39. Kg2 Rfe7 40. Rc8 Re8 41. Rc4 Bc5 42. Kf1 b6 43. Kg2 Rf8 44. Rc1 Kh6 45. Rcf1 Kg7 46. Kh1 Ree8 47. Kg2 Bd4 48. Rc1 Rc8 49. Rc4 Rxc4 50. Bxc4 1/2-1/2